Castellet i La Gornal : 1993 : nova Casa de la Vila / [Roser Boix i Tomàs, Cristina Rossell i Olivé] 1993 :

ISBN: 84-7794-240-4
Publicado: Castellet i La Gornal : l'Ajuntament : Diputació de Barcelona , 1993
Descripción Física: 33 p. : il. col. ; 28

MARC

LEADER 00000nam a2200000Ia 4500
001 17932
008 160829s1993 xx 000 0 cat d
020 |a 84-7794-240-4 
080 |a FU-52-7 
245 |a Castellet i La Gornal :  |b  1993 :  |b  nova Casa de la Vila / [Roser Boix i Tomàs, Cristina Rossell i Olivé] 
260 |a Castellet i La Gornal :  |b l'Ajuntament :  |b Diputació de Barcelona,  |c 1993 
300 |a 33 p. :  |b  il. col. ;  |c 28 
651 0 |a Castellet i la Gornal  |9 50744 
710 1 |a Barcelona (Catalunya : Província).  |b Diputació  |9 52408 
901 |a Arxiu 
942 |n 1 
952 |0 0  |1 0  |4 0  |6 FU527  |7 1  |9 48944  |a Arxiu  |b Arxiu  |d 2016-12-01  |l 0  |o FU-52-7  |p 17932  |r 2016-12-01 00:00:00  |w 2016-12-01  |y ARXIU 
999 |c 52779  |d 52779